Switched Letters II Quiz Stats

Quiz Updated Oct 13, 2016

Also try: Switched Letters
Challenge
Share
Tweet
Embed
Score 0/24 Timer 08:00
4 Plays Today
Clue Word Pair % Correct
Reagan's predecessorCarter - crater
84.3%
Been _____ done thatthere - three
83.2%
Slowing down in a carbraking - barking
73.2%
1/60 of an hourminute - minuet
73.1%
'Family Guy' dogBrian - brain
72.6%
French pancakecrepe - Creep
72.3%
How Colonel Sanders likes his chickenfried - fired
72.3%
More than enoughample - maple
68.1%
What carpet cleaner is meant to removestain - Satin
66.4%
Maid _____ (Robin Hood's love)Marian - marina
63.4%
Gases on the right of the periodic tablenoble - Nobel
62.9%
Class taught by Severus SnapePotions - options
62.6%
Clue Word Pair % Correct
Having little or no clarityunclear - nuclear
61.8%
The Bastille's cityParis - pairs
61.4%
Grain that serves as a base malt for beerbarley - barely
57.1%
Brother of PolluxCastor - Castro
55.3%
One who sings like Bing Crosby or Perry Comocrooner - coroner
54.7%
'Funky Cold _____': Tone LōcMedina - median
50.6%
Cousins of the otter known for their valuable furminks - Minsk
50.5%
Khmer ____Rouge - Rogue
48.5%
Card game in which one can 'shoot the moon'hearts - Hearst
48.2%
Most uncommonrarest - arrest
45%
Went to bed for the nightretired - retried
27%
Having individually distinct sectionsdiscrete - discreet
3.5%

You're not logged in!

Compare scores with friends on all Sporcle quizzes.
Join for Free
OR
Log In

You Might Also Like...

Show Comments

Extras

Top Quizzes Today


Score Distribution

Your Account Isn't Verified!

In order to create a playlist on Sporcle, you need to verify the email address you used during registration. Go to your Sporcle Settings to finish the process.

Report this User

Report this user for behavior that violates our Community Guidelines.

Details: